000 00983nam a22002777i 4500
005 20251120121406.0
008 250906s2024 ua ||||gr|||| 00| 0 ara d
020 _a9789776873995
040 _aJO-AmGAM
_erda
082 1 4 _a922.1
_bع ق ا
100 1 _aالعقاد، عباس محمود
_eمؤلف.
245 1 0 _aعبقرية عمر /
_cبقلم عباس محمود العقاد.
264 3 1 _aالقاهرة
_bدار وليد للنشر والتوزيع والبرمجيات
_c2024
264 3 1 _aالشارقة :
_bدار الوصل للطباعة والنشر ةالتوزيع،
_c2024.
300 _a316 صفحة.
336 _2rdacontent
_aنص
_btxt
337 _2rdamedia
_aدون وسيط عرض
_bn
338 _2rdacarrier
_aمجلد
_bnc
490 1 _aعبقريات.
650 1 7 _aالصحابة.
650 1 7 _aالتراجم.
650 1 7 _aالسيرة النبوية.
830 0 _aعبقريات.
942 _2ddc
_cBK
999 _c247319
_d247319